| 000 | 00590nam a2200217Ii 4500 | ||
|---|---|---|---|
| 001 | 12208 | ||
| 003 | CO-ViMGA | ||
| 008 | 241108s9999||||xx |||||||||||||| ||und|| | ||
| 020 | _a8449403723 | ||
| 040 |
_aCO-ViMGA _bspa _erda _cCO-ViMGA |
||
| 041 | 0 | _aspa | |
| 084 | _aT GOE2fa | ||
| 100 | 1 |
_aJohann Woligang Von Goethe _948617 |
|
| 245 | 1 | 0 | _aFausto |
| 264 | 1 | _aMadrid, España : Océano, 1999 | |
| 300 | _avolumen | ||
| 336 |
_atext _btxt _2rdacontent |
||
| 337 |
_aunmediated _bn _2rdamedia |
||
| 338 |
_avolume _bnc _2rdacarrier |
||
| 940 | _aidficha_siabuc: 11917. -- ficha_no_siabuc:12208 | ||
| 999 |
_c43259 _d43259 |
||